El texto narrativo: estrategias para su comprensión

Uloženo v:
Podrobná bibliografie
Hlavní autor: Muth, K. Denise (autora)
Médium: Kniha
Jazyk:španělština
Vydáno: Buenos Aires Aique 1991
Vydání:2a. ed
Témata:
Tagy: Přidat tag
Žádné tagy, Buďte první, kdo vytvoří štítek k tomuto záznamu!

MARC

LEADER 00000nam a2200000 a 4500
001 UCO2970
003 CL-VaPUC
008 000610e19910000AG |||||||||||||||||spa|d
082 0 4 |a 372.41  |b MUT  |2 21 
100 |a Muth, K. Denise  |e autora  |9 446758 
245 1 3 |a El texto narrativo: estrategias para su comprensión 
250 |a 2a. ed 
300 |a 162 p 
942 |c BK 
945 |d 20000610 00:00:00  |a rbrito 
260 |a Buenos Aires  |b Aique  |c 1991 
650 0 |a Cuentos infantiles  |9 308044 
650 0 |a Enseñanza de la lectura  |9 308364 
650 0 |a Lectura  |9 307634 
650 0 |a Crítica literaria   |9 269189 
583 |a last modification  |c 20000610 00:00:00  |k Rodrigo Vera 
999 |c 289458  |d 289456 
952 |0 0  |1 0  |4 0  |6 372_410000000000000_MUT_1991  |7 0  |8 A  |9 337868  |a FDOPOS  |b FDOPOS  |d 2019-11-20  |i 3626202  |o 372.41 MUT 1991  |p 3626202  |r 2025-01-22  |w 2019-11-20  |y BK  |k MLA